000 00365nam a22001337a 4500
020 _qHB.
040 _cFIZZA ISHAQ
082 _bJAM
_a818.02
100 _aSIMPSON,B JAMES.
_9132311
245 _aSIMPSON'S CONTEMPORARY QUOTATIONS /
_cJAMES,B SIMPSON.
260 _aNEW YORK;
_bHOUGHTON MIFFLIN COMPANY,
_c1988.
300 _a495 P. ;
_c10.1X6.9IN
942 _2ddc
_cBK
999 _c615551
_d615551